000 00844nam a2200265Ia 4500
003 OSt
005 20220918170632.0
006 a|||||r|||| 00| 0
007 ta
008 220917b |||||||| |||| 00| 0 eng d
020 _a9780415484435 (hbk)
_c6288.30
024 _a243,550
037 _b1574, 05/08/2010, Channel Publications
_cTextual
040 _aARTS
_cARTS
_beng
041 _2eng
_aeng
082 _aV1:19(zP).P1, Q0
100 _aPeoples Columba
_930171
245 0 _aCritical security studies
_b An introduction
260 _aLondon
_bRoutledge UK
_c2010
300 _a182p.
_ccm.
650 _aHISTORY
700 _a Vaughan - Williams Nick
_930172
942 _hV1:19(zP).P1, Q0
_cTEXL
_2CC
999 _c135001
_d135001